| 000 | 00680nam a2200241 a 4500 | ||
|---|---|---|---|
| 001 | BRCA_7681 | ||
| 005 | 20190320205936.0 | ||
| 008 | 160813s1959----it-a######---#000-0#eng-# | ||
| 041 | _aeng | ||
| 044 | _ait | ||
| 050 | 4 |
_aDG800 _b.G47 1959 |
|
| 100 | 1 |
_aGessi, Leone _918961 |
|
| 245 | 1 | 0 |
_aThe Vatican city _cLeone Gessi ; traduction by Michael Kravtchenko. |
| 250 | _a6 | ||
| 260 |
_aRoma _bIstituto Poligrafico dello Stato _c1959 |
||
| 300 |
_a132 p. _bil. _c18 cm. |
||
| 500 | _aU18 | ||
| 651 | 4 |
_aVaticano (Ciudad) _xDescripción _918962 |
|
| 651 | 4 |
_aRoma, Italia _xDescripción _918963 |
|
| 700 | 1 |
_aKravtchenko, Michael _etr. _918964 |
|
| 902 | _aGFM | ||
| 942 |
_2lcc _cB |
||
| 999 |
_c7355 _d7355 |
||